| 000 | 01078nam a2200277 c 4500 | ||
|---|---|---|---|
| 003 | BLK | ||
| 005 | 20250716092338.0 | ||
| 008 | 180408b bul|||||r ||||||| ||bul|| | ||
| 020 | _a9786190019268 | ||
| 040 | _aBLK | ||
| 041 |
_aBUL _cBUL |
||
| 080 |
_aБългарска литература _b821.163.2 _x-32 _z821.163.2-32 |
||
| 100 |
_aГеоргиев, Лъчезар Георгиев _d1956- _gФилолог, автор на проза _9368754 |
||
| 139 |
_aГеоргиев, Лъчезар Георгиев _bГ 37 |
||
| 245 | 1 | 0 |
_aИберийски разкази _cЛъчезар Георгиев Георгиев. |
| 246 | 1 | 1 | _aShort Stories |
| 257 | _aBGR | ||
| 260 |
_bФабер _c2025 _aВ. Търново |
||
| 300 |
_a208 с. _c21 см |
||
| 380 | _aX | ||
| 500 | _aЗагл. и на англ. ез.: Iberian stories Биогр. данни за авт. отбелязани на гърба на кор. | ||
| 856 | 4 | _qpdf | |
| 856 | 4 | _qpdf | |
| 942 |
_cKNG _n0 _04 |
||
| 999 |
_c537694 _d537694 |
||
| 944 |
_a30545 _cНора Радева _k30576 _lЦветомила Тодорова |
||